All about the marauders - Statistics

General Stats
  • This quiz has been taken 664 times
  • The average score is 13 of 15
Answer Stats
Hint Answer % Correct
who does james fall in love with lily
99%
james potter's animagi nickname prongs
99%
age of james potters death 21
98%
what is remus lupins nickname moony
98%
Sirius black's animagi nickname padfoot
98%
who transformed into a werewolf once a month (full name) remus lupin
98%
peter pettigrew's animagi nickname wormtail
98%
who was the traitor in the order (full name) peter pettigrew
97%
what is the map called that they made marauders map
92%
who is fancast sirius (2012 fancast) (full name) ben barnes
85%
who is fancast remus (2012 fancast) (full name) andrew garfield
84%
who is fancast james (2012 fancast) (full name) aaron taylor - johnson
75%
who does Sirius date in 6th year Marlene
74%
what zodiac sign is remus lupin pisces
64%
who is fancast peter (2012 fancast) (full name) dane dehaan/ jamie bell
43%
No matching quizzes found
Score Distribution
Percent of People with Each Score
Percentile by Number Answered
Your Score History
You have not taken this quiz